000 00619nam a2200229Ia 4500
003 OSt
005 20220924132113.0
006 a|||||r|||| 00| 0
007 ta
008 220923b |||||||| |||| 00| 0 san d
024 _a12053
037 _cTextual
040 _aARTS
_cARTS
_bsan
041 _2san
_asan
082 _aDelta2y721, 15K9
100 _aVenkatacharya Jaggu
_9203745
245 0 _aDivyasuri (Alvar) caritani ed by Jaggu Sudarshanachar
260 _c1969
650 _aSPIRurdALISM
942 _hDelta2y721, 15K9
_cTEXL
_2CC
999 _c429248
_d429248